Statistics for Rulers over Malta (nations)

Click here to take the quiz!

General Stats

  • This quiz has been taken 481 times
    (360 since last reset)
  • The average score is 6 of 12

Answer Stats

HintAnswer% Correct
1798 ADFrench
86%
218 BCRomans
85%
1800 ADBritish
79%
1964 ADMaltese
75%
1479 ADSpanish
72%
400 BCCarthaginians
52%
1194 ADSicilians
49%
1530 ADKnights Hospitaller
44%
7th century BCPhoenicians
39%
533 ADByzantines
39%
440 ADVandals
23%
870 ADFatimids
4%

Score Distribution

Percentile by Number Answered

Percent of People with Each Score

Your Score History

You have not taken this quiz since the last reset